000 01947nam a2200253 a 4500
001 000021011
005 20240412074250.0
008 100830s2000 dr 001 j spa d
020 _a9993400467
040 _aDO-SdBNP
_bspa
_cBNPHU
082 _aRD863.44
_bG491t
100 1 _aGimbernard, Jacinto,
_c1931-
_928978
245 1 0 _aTreinta relatos sinfónicos /
_cJacinto Gimbernard.
260 _aSanto Domingo :
_bCentenario,
_c2000.
300 _a154 p. ;
_c22 cm.
500 _aIncluye datos biográficos del autor en la solapa de la cubierta.
505 0 _gA modo de preludio --
_tSinfónica 1941 --
_tSemana Santa con Don Chuchú --
_tCuando los músicos pagaban por tocar --
_tPersonajes clásicos --
_tInauguración en Higüey y dormida en funeraria --
_tOtto y la espontaneidad de la gracia --
_tCerveza en pulpería --
_tFlaviá, Sheen y la inspiración --
_tPrestamismo humano --
_tSolistas de pasillo y mis díanos y veníamos --
_tImagen militar --
_tPúblico escaso y público multitudinario --
_tMáximo y el sonido silente --
_tTravesuras de El Ruiseñor Dominicano --
_tLa imitación del oboísta y la pistola --
_tJorge, el Ojo Clínico y el misterio --
_tEn competencia con una salsa --
_tPierino y el Generalísimo --
_tEl concertino Luis Beltrán --
_tHabilidad de Enriquillo y conformismo de Camilo --
_tPánico en los solos repentinos --
_tVisiones de casos --
_tTemperamentadas y conflictos en la Era --
_tPetán Trujillo y el sinfonismo --
_tReceptividad, la loca y Elías Piña y Arístides --
_tPierino Gamba y el portero trombonista --
_tUn cubano ingenioso y un astucia florentina --
_tZorrilla y la simplicidad infantil.
590 _aInventariado, 2019/BT
650 4 _aMúsica dominicana
_xAnécdotas, chistes, sátiras, etc.
_943969
650 4 _aMusicos dominicanos
_xAnécdotas, chistes, sátiras, etc.
_943970
650 0 _aCuentos dominicanos
_9176
650 0 _aLiteratura dominicana.
_967
910 _aValidado. Control de calidad EMS
999 _c20514
_d20514